<?xml version="1.0" encoding="UTF-8"?><?xml-stylesheet type="text/xsl" href="static/style.xsl"?><OAI-PMH xmlns="http://www.openarchives.org/OAI/2.0/" xmlns:xsi="http://www.w3.org/2001/XMLSchema-instance" xsi:schemaLocation="http://www.openarchives.org/OAI/2.0/ http://www.openarchives.org/OAI/2.0/OAI-PMH.xsd"><responseDate>2026-06-29T16:39:20Z</responseDate><request verb="GetRecord" identifier="oai:docta.ucm.es:20.500.14352/99678" metadataPrefix="marc">https://docta.ucm.es/rest/oai/request</request><GetRecord><record><header><identifier>oai:docta.ucm.es:20.500.14352/99678</identifier><datestamp>2025-03-21T01:08:00Z</datestamp><setSpec>com_20.500.14352_14</setSpec><setSpec>col_20.500.14352_18</setSpec></header><metadata><record xmlns="http://www.loc.gov/MARC21/slim" xmlns:dcterms="http://purl.org/dc/terms/" xmlns:xsi="http://www.w3.org/2001/XMLSchema-instance" xmlns:doc="http://www.lyncode.com/xoai" xsi:schemaLocation="http://www.loc.gov/MARC21/slim http://www.loc.gov/standards/marcxml/schema/MARC21slim.xsd">
   <leader>00925njm 22002777a 4500</leader>
   <datafield ind2=" " ind1=" " tag="042">
      <subfield code="a">dc</subfield>
   </datafield>
   <datafield ind2=" " ind1=" " tag="720">
      <subfield code="a">Martínez Hernández, Carlos</subfield>
      <subfield code="e">author</subfield>
   </datafield>
   <datafield ind2=" " ind1=" " tag="720">
      <subfield code="a">Cánovas García, Fulgencio</subfield>
      <subfield code="e">author</subfield>
   </datafield>
   <datafield ind2=" " ind1=" " tag="260">
      <subfield code="c">2016</subfield>
   </datafield>
   <datafield ind2=" " ind1=" " tag="520">
      <subfield code="a">[Del libro]: El abandono de cultivos es uno de los rasgos más característicos de la evolución de la agricultura en España desde finnales del siglo XIX, afectando a grandes extensiones de tierras de montaña, pero también semiáridas, como es el caso de la Región de Murcia. Un grupo de investigadores (geógrafos, biólogos, ambientólogos, agrónomos y técnicos de la administración regional), financiados por la Fundación Séneca, han realizado un estudio sobre el Abandono de cultivos en la Región de Murcia y sus consecuencias ecogeomorfológicas. Las investigaciones que aquí se recogen, ponen de manifiesto la importancia del abandono en la Región y las repercusiones ambientales que éste lleva consigo.
[Objetivos del Capítulo]: Nuestro objetivo ha sido identificar las áreas agrícolas abandonadas en la Región de Murcia, empleando una metodología que permita crear una base de datos georreferenciada de parcelas agrícolas abandonadas, es decir, un mapa del abandono agrícola en la Región de Murcia. Para lograrlo, a continuación se expone, en primer lugar, la conceptualización que se ha manejado y los materiales de los cuales se parte; se presenta el mapa resultante; se analizan los datos de la superficie abandonada según distintas escalas territoriales; y el tipo de cultivo que presentaba cada parcela previamente al abandono.</subfield>
   </datafield>
   <datafield ind1="8" ind2=" " tag="024">
      <subfield code="a">Martínez Hernández, C. &amp; Cánovas García, F. (2016). Identificación de áreas abandonadas en la Región de Murcia. En A. Romero Díaz (Ed.), Abandono de cultivos en la Región de Murcia: consecuencias ecogeomorfológicas (pp. 63-84). Servicio de Publicaciones Universidad de Murcia.</subfield>
   </datafield>
   <datafield ind1="8" ind2=" " tag="024">
      <subfield code="a">978-84-16551-37-8</subfield>
   </datafield>
   <datafield ind1="8" ind2=" " tag="024">
      <subfield code="a">https://hdl.handle.net/20.500.14352/99678</subfield>
   </datafield>
   <datafield ind1="8" ind2=" " tag="024">
      <subfield code="a">https://edit.um.es/blog/abandono-cultivos-en-la-region-de-murcia-consecuencias-ecogeomorfologicas/</subfield>
   </datafield>
   <datafield ind1="8" ind2=" " tag="024">
      <subfield code="a">https://produccioncientifica.ucm.es/documentos/60caa3e1d087520e32f4c275</subfield>
   </datafield>
   <datafield ind1="8" ind2=" " tag="024">
      <subfield code="a">https://edit.um.es/blog/abandono-cultivos-en-la-region-de-murcia-consecuencias-ecogeomorfologicas/</subfield>
   </datafield>
   <datafield ind2="0" ind1="0" tag="245">
      <subfield code="a">Identificación de áreas abandonadas en la Región de Murcia</subfield>
   </datafield>
</record></metadata></record></GetRecord></OAI-PMH>